00399nam a2200157Ia 4500008004100000020001500041041001200056082001600068100001800084245006600102250000800168260002500176300000800201650001600209700001600225221030s9999 xx 000 0 und d a0074638793 aEnglish a105.23bSch aR. Schultheis 0aManagement Information Systemscby R. Schultheis, M. Sumner M a4th bTMHaNew Delhic2002 a743 aBE Computer aM. Sumner M